Wszystkie piosenki Wojtka Szumańskiego - Statystyki

Ogólne statystyki
  • Ten quiz został rozwiązany 8 razy
  • Średni wynik to 14 z 63
Statystyki odpowiedzi
Liczba wyświetleń Tytuł piosenki % Poprawnych
10.000.000 Ballada o cyckach
100%
4.100.000 Ballada o cyckach 2
67%
2.700.000 Ballada o maturze
50%
2.700.000 Bez twoich wad
50%
2.600.000 Dabi Dam Dam
50%
1.100.000 Kiedy nagle to wróciło
50%
1.500.000 Kto by pomyślał?
50%
785.000 Siódemka
50%
583.000 Wymyślona dziewczyna
50%
2.700.000 Zegarek
50%
156.000 Bałwan
33%
390.000 Betoniarka
33%
250.000 Bum Bum!
33%
555.000 Ciut
33%
188.000 Idź sobie już
33%
875.000 I feel train to you
33%
138.000 I tak pokochaj mnie też
33%
966.000 No wiesz
33%
128.000 Ogólnie Rzecz Biorąc
33%
217.000 PSIA PIOSENKA
33%
545.000 Tylko Ja
33%
55.000 Widelec
33%
1.200.000 Buzi Buzi
17%
10.000 CHODŹCIE NA KONCERTY!
17%
343.000 Ciach Ciach
17%
574.000 Do widzenia
17%
113.000 Dziewczyna z ukulele
17%
911.000 Hej miła, będę z tobą!
17%
415.000 KIJ w RYJ!
17%
318.000 Kolęda na kochanie
17%
56.000 List z przyszłości
17%
146.000 Męczę się przy tobie
17%
133.000 Milionerzy
17%
453.000 Od Zbyszka dla Grażki
17%
140.000 Piosenka dla wróżki
17%
112.000 Piosenka o Janie Sokole
17%
328.000 Piosenka o kocie
17%
1.200.000 Piosenka o siusiaku, a właściwie jego braku
17%
196.000 Piosenka o wakacjach
17%
1.700.000 Piosenka o złym Mikołaju i niegrzecznych dziewczynkach
17%
1.800.000 Proszę księdza Bernardyna
17%
4.500.000 Świąteczna ballada o cyckach
17%
1.000.000 Święto Grażyny, czyli piosenka na Dzień Kobiet
17%
1.300.000 Szanta dla panien i mężatek
17%
54.000 Zagrajmy w twoją grę
17%
307.000 Zróbmy TO tak!
17%
636.000 Zrzęda
17%
236.000 Albo i nie
0%
238.000 Ballada o miłości Pana Zająca
0%
772.000 Ból dupy, czyli o Internetach słów kilka
0%
933.000 Całą noc, czyli najlepszy podryw na świecie
0%
29.000 Clown ze smutnego miasteczka
0%
139.000 Dragon Ball to nie chińska bajka
0%
311.000 Gdybym...
0%
100.000 #hot16challenge2
0%
128.000 Nie odpisała mi na TINDERZE!
0%
197.000 Panny lecą na gitarę
0%
208.000 Piosenka na dobry dzień
0%
152.000 Piosenka na STO TYSIĘCY subskrypcji!
0%
279.000 Piosenka o śmierci na Facebooku
0%
419.000 Piosenka o śmierci Youtubera
0%
210.000 Wstydliwe WYZNANIE
0%
349.000 Wyzwanie piwne a łańcuszki?
0%
Nie znaleziono quizów pasujących do podanych kryteriów
Rozkład punktacji
Procent ludzi z każdym wynikiem
Percentyl według liczby udzielonych odpowiedzi
Twoja historia wyników
Nie rozwiązałeś tego quizu